| 000 | 00605nam a2200133Ia 4500 | ||
|---|---|---|---|
| 008 | 170221s9999 xx 000 0 und d | ||
| 100 | _aYelena Vyacheslavovna Yemelyanova | ||
| 245 | 4 | _aThe Necessity of English for Specific Purposes at the Law Universities of the Republic of Kazakhstan | |
| 245 | _cYelena Vyacheslavovna Yemelyanova, Flyura Rifkhatovna Avazbakiyeva, Anar Bauyrzhanovna Ibrayeva, Aizhan Zharkynovna Aikenova | ||
| 260 | _bInternational Review of Management and Marketing | ||
| 260 | _c2012 | ||
| 650 | _xMarketing. | ||
| 856 | _uhttp://www.econjournals.com/index.php/irmm/issue/view/75 | ||
| 999 |
_c310480 _d310480 |
||